[Event "European Youth Chess Championship G12"]
[Site "Prague, Top Hotel Prague"]
[Date "2016.08.19"]
[Round "2.27"]
[White "Tamrazyan, Gohar"]
[Black "Lobanova, Milana"]
[Result "1/2-1/2"]
[WhiteElo "1741"]
[BlackElo "1348"]
[PlyCount "80"]
[EventDate "2016.08.18"]

1. e4 c5 2. c3 g6 3. d4 cxd4 4. cxd4 Bg7 5. Nf3 d6 6. Bc4 Nf6 7. Nc3 O-O 8. O-O
a6 9. e5 Ne8 10. Ng5 e6 11. Nf3 Nc6 12. Bg5 Qd7 13. exd6 Nxd6 14. Bb3 h6 15.
Bf4 g5 16. Bg3 Na5 17. d5 Nxb3 18. Qxb3 Nf5 19. Rfe1 exd5 20. Nxd5 Qb5 21. Nb6
Be6 22. Qxb5 axb5 23. Nxa8 Rxa8 24. Be5 g4 25. Nd2 Rd8 26. Bxg7 Kxg7 27. Ne4 b6
28. b3 h5 29. Nc3 b4 30. Ne2 h4 31. Nf4 Kf6 32. Nxe6 fxe6 33. Rac1 b5 34. Rc5
Nd4 35. Re4 Nxb3 36. Rf4+ Kg6 37. Rxg4+ Kf6 38. Rf4+ Kg6 39. Rg4+ Kf6 40. Rf4+
Kg6 1/2-1/2

[Event "European Youth Chess Championship G12"]
[Site "Prague, Top Hotel Prague"]
[Date "2016.08.19"]
[Round "2.28"]
[White "Dimitrijevic, Andjela"]
[Black "Dziatko, Evgeniya"]
[Result "0-1"]
[WhiteElo "1468"]
[BlackElo "1709"]
[PlyCount "102"]
[EventDate "2016.08.18"]

1. e4 d6 2. d4 Nf6 3. Nc3 g6 4. Nf3 Bg7 5. Be2 O-O 6. O-O c6 7. Re1 b5 8. Bd3
a5 9. a3 Bb7 10. Ne2 Na6 11. c3 Qb6 12. Ng3 Rfd8 13. h3 c5 14. Qb3 Bc6 15. d5
Be8 16. c4 b4 17. Be3 a4 18. Qc2 b3 19. Qc1 Nd7 20. Bd2 Ne5 21. Nxe5 Bxe5 22.
Bc3 Kg7 23. Bxe5+ dxe5 24. Qg5 f6 25. Qe3 Bf7 26. Ne2 Nc7 27. Qg3 Qd6 28. f4
exf4 29. Nxf4 Qe5 30. Re2 g5 31. Rf2 Kh8 32. Ne2 Qxb2 33. Rb1 Qd2 34. Nc1 Qa5
35. e5 Ne8 36. e6 Bg6 37. Bxg6 hxg6 38. h4 Qe1+ 39. Kh2 Kg7 40. Rf1 Qxf1 41.
Qf3 Qxf3 42. gxf3 gxh4 43. Kh3 g5 44. Nd3 Rdc8 45. Rb2 Nd6 46. Kg2 Kg6 47. Kh3
Rc7 48. Nf2 Nxc4 49. Rb1 Nxa3 50. Rc1 b2 51. Rd1 b1=Q 0-1

[Event "European Youth Chess Championship G12"]
[Site "Prague, Top Hotel Prague"]
[Date "2016.08.19"]
[Round "2.29"]
[White "Garau, Francesca"]
[Black "Pipiras, Filipa Fortuna"]
[Result "0-1"]
[WhiteElo "1621"]
[BlackElo "1468"]
[PlyCount "86"]
[EventDate "2016.08.18"]

1. e4 e5 2. Nf3 Nc6 3. Bc4 Bc5 4. c3 Nf6 5. d3 d6 6. h3 h6 7. Nbd2 O-O 8. Nf1
d5 9. exd5 Nxd5 10. Ng3 Re8 11. O-O Nf6 12. Nh4 Ne7 13. Nh5 Nf5 14. Nxf5 Bxf5
15. Qf3 Nxh5 16. Qxf5 Nf6 17. Qg6 Nd5 18. Qg3 Kh8 19. Re1 Qd6 20. Be3 Nxe3 21.
fxe3 Qd7 22. d4 exd4 23. exd4 Bxd4+ 24. Kh1 Rxe1+ 25. Rxe1 Bf6 26. Qf3 c6 27.
Qh5 Kg8 28. Re3 Rd8 29. Rg3 Qd1+ 30. Qxd1 Rxd1+ 31. Kh2 Be5 32. Be2 Bxg3+ 33.
Kxg3 Rd2 34. Bf3 Rxb2 35. h4 Rxa2 36. h5 Ra3 37. Kf2 Rxc3 38. g4 a5 39. g5
Rxf3+ 40. Kxf3 a4 41. Ke2 a3 42. Kd2 a2 43. Kc2 a1=Q 0-1

[Event "European Youth Chess Championship G12"]
[Site "Prague, Top Hotel Prague"]
[Date "2016.08.19"]
[Round "2.30"]
[White "Rahulan, Thivyaa"]
[Black "Guillo, Longares Cecilia"]
[Result "1-0"]
[WhiteElo "1428"]
[BlackElo "1845"]
[PlyCount "163"]
[EventDate "2016.08.18"]

1. e4 c5 2. c3 Nf6 3. e5 Nd5 4. d4 cxd4 5. Nf3 d6 6. cxd4 Nc6 7. Be2 g6 8. O-O
Bg7 9. exd6 Qxd6 10. Na3 Nb6 11. Be3 O-O 12. Qd2 Bg4 13. Rfd1 Rfd8 14. Nc2 Rac8
15. b3 Nd5 16. Rac1 Nc7 17. h3 Bf5 18. Bf4 Qd7 19. Be3 a6 20. Na3 b5 21. Nc2
Be4 22. Nb4 Bxf3 23. Bxf3 Nxd4 24. Bxd4 Bxd4 25. Nc6 Ne6 26. Nxd8 Qxd8 27. Rxc8
Qxc8 28. Qc1 Qb8 29. Qc2 Qa7 30. Qd2 Kg7 31. Bd5 Bc5 32. Bxe6 fxe6 33. Re1 Qb6
34. Re4 Qc6 35. Qe2 Kf7 36. Qf3+ Ke8 37. Rf4 Qxf3 38. Rxf3 a5 39. Kf1 e5 40.
Ke2 e6 41. Kd3 Ke7 42. Ke2 Bd4 43. Rd3 Kf6 44. Rd2 a4 45. bxa4 bxa4 46. a3 Bc5
47. Rd3 g5 48. Rc3 Bd6 49. Kd3 Kf5 50. Kc4 e4 51. Kb5 Be5 52. Rc5 Kf6 53. Kxa4
Bd4 54. Rc2 e3 55. fxe3 Bxe3 56. Kb3 Kf5 57. Kc4 e5 58. Kd5 Kf4 59. a4 Bb6 60.
Rc6 Bd8 61. Rh6 e4 62. Rxh7 e3 63. Rf7+ Kg3 64. Rf3+ Kxg2 65. Rxe3 Kh2 66. Kc4
Kg2 67. Kb5 Bc7 68. a5 Bf4 69. Rb3 Bg3 70. Rxg3+ Kxg3 71. a6 Kxh3 72. a7 g4 73.
a8=Q Kh2 74. Qa2+ Kh1 75. Qd5+ Kh2 76. Qd2+ Kh3 77. Kc4 g3 78. Kd3 g2 79. Qe3+
Kh2 80. Qf2 Kh1 81. Qh4+ Kg1 82. Ke3 1-0

[Event "European Youth Chess Championship G12"]
[Site "Prague, Top Hotel Prague"]
[Date "2016.08.19"]
[Round "2.31"]
[White "Bilic, Marijana"]
[Black "Maresova, Michaela"]
[Result "0-1"]
[WhiteElo "1739"]
[BlackElo "1430"]
[PlyCount "72"]
[EventDate "2016.08.18"]

1. e4 c5 2. Nf3 Nc6 3. d4 cxd4 4. Nxd4 g6 5. c4 Bg7 6. Nc2 Nf6 7. Nc3 d6 8. Be2
Bd7 9. O-O O-O 10. f3 Rc8 11. Be3 a6 12. Rc1 Ne5 13. Na3 Be6 14. Nd5 Nxd5 15.
cxd5 Rxc1 16. Qxc1 Bd7 17. Kh1 Qc8 18. Qd2 f5 19. f4 Nf7 20. Bd4 fxe4 21. Bxg7
Kxg7 22. Qd4+ Kg8 23. Qxe4 e5 24. dxe6 Bxe6 25. b3 Bf5 26. Qf3 Re8 27. Bc4 Be6
28. Bxe6 Rxe6 29. Nc4 b5 30. Nb6 Qc5 31. Nd5 Nh6 32. h3 Nf5 33. Rd1 Nd4 34. Qd3
Qxd5 35. Qxd4 Re1+ 36. Kh2 Rxd1 0-1

[Event "European Youth Chess Championship G12"]
[Site "Prague, Top Hotel Prague"]
[Date "2016.08.19"]
[Round "2.32"]
[White "Djordjevic, Nevena"]
[Black "Toth, Nikoletta"]
[Result "0-1"]
[WhiteElo "1431"]
[BlackElo "1668"]
[PlyCount "92"]
[EventDate "2016.08.18"]

1. d4 d5 2. c4 e6 3. cxd5 exd5 4. Nc3 c5 5. dxc5 d4 6. Ne4 Nc6 7. Nf3 Bf5 8.
Ng3 Bg4 9. e3 Bxc5 10. h3 Bb4+ 11. Bd2 dxe3 12. fxe3 Bxf3 13. gxf3 Qh4 14. Rg1
Rd8 15. Ke2 Rxd2+ 16. Qxd2 Bxd2 17. Kxd2 Qb4+ 18. Kc2 Qc5+ 19. Kd2 Qe5 20. Rc1
Qxb2+ 21. Rc2 Qb4+ 22. Kc1 Nh6 23. Ne4 O-O 24. Bd3 f5 25. Bc4+ Kh8 26. Ng5 Qa3+
27. Kd2 Ne5 28. Bb3 Rd8+ 29. Ke2 Qa6+ 30. Kf2 Nd3+ 31. Kg2 Nb4 32. Rd1 Qf6 33.
Rxd8+ Qxd8 34. Rc4 Qxg5+ 35. Kf2 Nd3+ 36. Ke2 Qd8 37. Rd4 Nc1+ 38. Kd1 Qxd4+
39. exd4 Nxb3 40. axb3 Kg8 41. Kd2 Kf7 42. Ke3 Ke6 43. Kf4 Kf6 44. h4 Nf7 45.
b4 b5 46. d5 Nd6 0-1

[Event "European Youth Chess Championship G12"]
[Site "Prague, Top Hotel Prague"]
[Date "2016.08.19"]
[Round "2.33"]
[White "Korenova, Simona"]
[Black "Stastna, Martina"]
[Result "1/2-1/2"]
[WhiteElo "1612"]
[BlackElo "1423"]
[PlyCount "97"]
[EventDate "2016.08.18"]

1. c4 Nf6 2. Nc3 e6 3. e3 d5 4. Nf3 c5 5. Be2 Nc6 6. O-O Bd6 7. b3 O-O 8. Bb2
Qc7 9. Nb5 Qd8 10. Bxf6 gxf6 11. d4 cxd4 12. Nbxd4 Bc7 13. Rc1 Ne7 14. Qc2 e5
15. Nb5 Bf5 16. Qc3 Bb6 17. Rfd1 a6 18. Na3 Rc8 19. Qb2 Be6 20. cxd5 Rxc1 21.
Qxc1 Bd7 22. Qc4 Ng6 23. Bd3 Qe7 24. Bxg6 hxg6 25. Nc2 Rc8 26. Qe2 Bf5 27. e4
Bd7 28. Ne3 Bxe3 29. Qxe3 Kg7 30. h3 Qd6 31. Nd2 Bb5 32. Nf3 Bd7 33. Rc1 Rc7
34. Rxc7 Qxc7 35. Qd2 Qc5 36. Ne1 f5 37. Qd3 Bb5 38. Qg3 f4 39. Qh4 Qd6 40. f3
Qc5+ 41. Qf2 Qxf2+ 42. Kxf2 Kf6 43. Nc2 a5 44. Ke1 Bd3 45. Kd2 Bf1 46. Ne1 b5
47. a3 g5 48. b4 a4 49. Kc3 1/2-1/2

[Event "European Youth Chess Championship G12"]
[Site "Prague, Top Hotel Prague"]
[Date "2016.08.19"]
[Round "2.34"]
[White "Vavrinkova, Anna"]
[Black "Van Den Brink, Nienke"]
[Result "0-1"]
[WhiteElo "1421"]
[BlackElo "1612"]
[PlyCount "76"]
[EventDate "2016.08.18"]

1. e4 e6 2. d4 d5 3. Nd2 Nf6 4. e5 Nfd7 5. Nb3 c5 6. c3 c4 7. Nd2 Nc6 8. Ngf3
b5 9. b3 Qa5 10. b4 Qc7 11. a4 Rb8 12. axb5 Rxb5 13. Qa4 Qb7 14. Be2 a5 15.
Nxc4 dxc4 16. Bxc4 Nxd4 17. Nxd4 Rxe5+ 18. Kf1 axb4 19. cxb4 Re4 20. Be3 e5 21.
Nc6 Rxc4 22. Na5 Qc7 23. Nxc4 Qxc4+ 24. Kg1 Qxb4 25. Qa8 Qb7 26. Qa4 Be7 27. h4
O-O 28. Qc2 Nf6 29. Qc3 Qe4 30. f3 Nd5 31. fxe4 Nxc3 32. Ra5 f6 33. Ra7 Bd6 34.
Kh2 Nxe4 35. Rd1 Bg4 36. Rd3 Bc5 37. Ra4 Be2 38. Bxc5 Nxc5 0-1

[Event "European Youth Chess Championship G12"]
[Site "Prague, Top Hotel Prague"]
[Date "2016.08.19"]
[Round "2.35"]
[White "Lhotska, Anna"]
[Black "Urbanc, Tina"]
[Result "0-1"]
[WhiteElo "1611"]
[BlackElo "1419"]
[PlyCount "110"]
[EventDate "2016.08.18"]

1. e4 b6 2. d4 Bb7 3. Nd2 e6 4. Ngf3 d5 5. e5 Ne7 6. Bd3 Ng6 7. Nf1 c5 8. c3
Be7 9. Ng3 O-O 10. O-O Ba6 11. Bxa6 Nxa6 12. Qd2 h6 13. Nh5 Nh4 14. Nxh4 Bxh4
15. Qe2 Nc7 16. Be3 cxd4 17. cxd4 Bg5 18. Qg4 g6 19. Bxg5 Qxg5 20. Qxg5 hxg5
21. Nf6+ Kg7 22. Rac1 Nb5 23. Rfd1 Rac8 24. Rxc8 Rxc8 25. a4 Nxd4 26. f4 Ne2+
27. Kf1 Nxf4 28. g3 Nh5 29. Ng4 f5 30. Nf2 Kf7 31. b3 Rc3 32. b4 Rc4 33. Rb1 g4
34. a5 g5 35. axb6 axb6 36. b5 Rc5 37. Kg2 d4 38. Nd3 Rc3 39. Nf2 Re3 40. Rd1
Rxe5 41. Rxd4 Rxb5 42. Rd7+ Kf6 43. Rh7 Ng7 44. Rh6+ Kf7 45. h3 gxh3+ 46. Nxh3
Rb2+ 47. Kf1 g4 48. Nf4 b5 49. Nd3 Rb1+ 50. Kf2 b4 51. Ne5+ Kg8 52. Nc6 b3 53.
Nd8 b2 54. Nxe6 Nxe6 55. Rxe6 Rc1 0-1

[Event "European Youth Chess Championship G12"]
[Site "Prague, Top Hotel Prague"]
[Date "2016.08.19"]
[Round "2.36"]
[White "Di, Maulo Alessandra"]
[Black "Dvorakova, Olga"]
[Result "0-1"]
[WhiteElo "1397"]
[BlackElo "1601"]
[PlyCount "72"]
[EventDate "2016.08.18"]

1. e4 c5 2. c3 Nf6 3. e5 Nd5 4. d4 cxd4 5. cxd4 Nc6 6. Nf3 d6 7. Bc4 Nb6 8. Bb3
Bg4 9. Be3 dxe5 10. dxe5 Qxd1+ 11. Bxd1 Nc4 12. Bc1 N4xe5 13. Nxe5 Nxe5 14. O-O
O-O-O 15. Bxg4+ Nxg4 16. Nc3 g6 17. h3 Ne5 18. Be3 Nc6 19. Rac1 Bg7 20. Rfe1
Rd7 21. a3 Rhd8 22. Rc2 Kb8 23. Bf4+ e5 24. Be3 Nd4 25. Rcc1 Nf5 26. Bg5 f6 27.
Be3 Nxe3 28. Rxe3 Bh6 29. Ree1 Bxc1 30. Rxc1 Rd2 31. b3 Rc8 32. Kh2 Rxf2 33.
Kg3 Rd2 34. Kh2 f5 35. Nb1 Rxg2+ 36. Kxg2 Rxc1 0-1

[Event "European Youth Chess Championship G12"]
[Site "Prague, Top Hotel Prague"]
[Date "2016.08.19"]
[Round "2.37"]
[White "Ruzic, Pia Marie"]
[Black "Skigelstrand, Live Jorgensen"]
[Result "1-0"]
[WhiteElo "1353"]
[BlackElo "1525"]
[PlyCount "135"]
[EventDate "2016.08.18"]

1. c4 c6 2. Nc3 d5 3. cxd5 cxd5 4. Nf3 Nf6 5. g3 Nc6 6. Bg2 e5 7. d3 Be6 8. Qa4
Qd7 9. Ng5 Rd8 10. Nxe6 Qxe6 11. O-O a6 12. e3 Be7 13. Bd2 O-O 14. a3 d4 15.
exd4 Rxd4 16. Qc2 Rfd8 17. Rfe1 Rxd3 18. Be3 Ng4 19. Bb6 Nb4 20. axb4 Qxb6 21.
Nd5 R3xd5 22. Bxd5 Rxd5 23. Qc8+ Rd8 24. Qxg4 f6 25. Qc4+ Kf8 26. Rec1 Bxb4 27.
Qc7 Qxc7 28. Rxc7 Rb8 29. Rd1 Ba5 30. Rc4 Bb6 31. Rdc1 Bd8 32. Rc8 Rxc8 33.
Rxc8 Ke7 34. Rb8 b6 35. Rb7+ Kf8 36. Kg2 h6 37. Kf3 f5 38. g4 g6 39. Rh7 Bg5
40. Rh8+ Kf7 41. gxf5 gxf5 42. Rb8 e4+ 43. Kg3 b5 44. Ra8 Bc1 45. b3 f4+ 46.
Kg2 b4 47. Rxa6 Bd2 48. Kf1 f3 49. h3 Ke7 50. Rc6 e3 51. fxe3 Bxe3 52. Rc4 Kd6
53. Rxb4 Kc5 54. Rb8 Kc6 55. Rf8 f2 56. Ke2 Bd4 57. Rf4 Kd5 58. b4 Ke5 59. Rh4
Be3 60. Rh5+ Kf6 61. b5 Ke6 62. Rh4 Ke5 63. Rb4 Bc5 64. Rb3 Bb6 65. Rc3 Kd5 66.
Rc6 Be3 67. Rf6 Ke5 68. Rg6 1-0

[Event "European Youth Chess Championship G12"]
[Site "Prague, Top Hotel Prague"]
[Date "2016.08.19"]
[Round "2.38"]
[White "Zarebska, Lena"]
[Black "Simonova, Stela"]
[Result "0-1"]
[WhiteElo "1522"]
[BlackElo "1393"]
[PlyCount "122"]
[EventDate "2016.08.18"]

1. e4 e6 2. d4 d5 3. e5 c5 4. Nf3 Bd7 5. Bd3 Nc6 6. O-O cxd4 7. a3 Bc5 8. b4
Bb6 9. Re1 a6 10. Nbd2 Nge7 11. Ng5 Ng6 12. Ndf3 Bc7 13. Kh1 Qb8 14. Rb1 Bxe5
15. Nxe5 Ncxe5 16. Bxg6 Nxg6 17. Qxd4 h6 18. Nf3 O-O 19. Bb2 f6 20. c4 Qa7 21.
Qg4 Ne7 22. Bd4 Qb8 23. cxd5 Nxd5 24. Rbd1 Qf4 25. Qxf4 Nxf4 26. Bc5 Rf7 27.
Rd6 Bc6 28. Be3 e5 29. Bxf4 exf4 30. Nd4 Rc8 31. Nf5 Rcc7 32. h3 Bb5 33. Nd4
Bd7 34. Nb3 Rc2 35. Nc5 Bc6 36. Kg1 Ra2 37. Ne6 Rxa3 38. Rd8+ Kh7 39. h4 h5 40.
Nxf4 Rd7 41. Rf8 Rd4 42. g3 Rxb4 43. Rd1 Bf3 44. Rc1 a5 45. Kf1 Rb2 46. g4 Bxg4
47. Re1 Rf3 48. Nd5 Rfxf2+ 49. Kg1 Rg2+ 50. Kh1 Rh2+ 51. Kg1 Rbg2+ 52. Kf1 Be2+
53. Rxe2 Rxe2 54. Kg1 Ra2 55. Re8 Rxh4 56. Re7 Rd4 57. Ne3 Rb4 58. Ng2 Rg4 59.
Rxg7+ Kxg7 60. Kf1 Rgxg2 61. Ke1 Rg1# 0-1

[Event "European Youth Chess Championship G12"]
[Site "Prague, Top Hotel Prague"]
[Date "2016.08.19"]
[Round "2.39"]
[White "Desai, Nilomi"]
[Black "Kuhar, Larisa"]
[Result "0-1"]
[WhiteElo "1511"]
[BlackElo "1378"]
[PlyCount "60"]
[EventDate "2016.08.18"]

1. d4 d5 2. c4 dxc4 3. e3 Nf6 4. Bxc4 e6 5. Nf3 c5 6. O-O cxd4 7. exd4 Be7 8.
Nc3 O-O 9. Bg5 a6 10. Bb3 Nc6 11. Qd2 b5 12. Bc2 Re8 13. Rfd1 Bb7 14. a4 b4 15.
Ne4 a5 16. Rac1 Rc8 17. b3 Nd5 18. Bxe7 Qxe7 19. Qd3 g6 20. Re1 Red8 21. Qd2
Nf6 22. Qf4 Nd5 23. Qh6 Qf8 24. Qh4 Qg7 25. Nc5 Ba8 26. Red1 Nc3 27. Rd2 e5 28.
Bd1 Nxd4 29. Nxd4 exd4 30. Bg4 g5 0-1

[Event "European Youth Chess Championship G12"]
[Site "Prague, Top Hotel Prague"]
[Date "2016.08.19"]
[Round "2.40"]
[White "Datelova, Daniela"]
[Black "Bolu, Yagmur"]
[Result "0-1"]
[WhiteElo "1340"]
[BlackElo "1510"]
[PlyCount "74"]
[EventDate "2016.08.18"]

1. c4 e6 2. Nc3 d5 3. d4 Nf6 4. Nf3 Be7 5. Bf4 O-O 6. e3 c5 7. Bd3 a6 8. a4 Nc6
9. O-O dxc4 10. Bxc4 cxd4 11. exd4 Qb6 12. Qd2 Rd8 13. Rad1 Bb4 14. Rfe1 Qa5
15. Bg5 Be7 16. b3 h6 17. Bh4 Qc7 18. Qd3 Nb4 19. Qd2 Nfd5 20. Nxd5 Nxd5 21.
Bxe7 Nxe7 22. Re4 b6 23. Rde1 Bb7 24. Rg4 Ng6 25. Bxe6 Bxf3 26. gxf3 Ne5 27.
Rg3 fxe6 28. Qxh6 Nxf3+ 29. Kf1 Nxe1 30. Qxe6+ Qf7 31. Qxe1 Rxd4 32. Qc3 Rad8
33. Kg2 Qd5+ 34. Kh3 Qh5+ 35. Kg2 Qc5 36. Qf3 Qd5 37. Qxd5+ R8xd5 0-1

[Event "European Youth Chess Championship G12"]
[Site "Prague, Top Hotel Prague"]
[Date "2016.08.19"]
[Round "2.41"]
[White "Rolinkova, Lucie"]
[Black "Maciulaityte, Barbora"]
[Result "0-1"]
[WhiteElo "1274"]
[BlackElo "1505"]
[PlyCount "74"]
[EventDate "2016.08.18"]

1. e4 c5 2. Nf3 d6 3. d4 cxd4 4. Nxd4 Nf6 5. Nc3 g6 6. Be2 Bg7 7. O-O O-O 8.
Re1 Nc6 9. Bf1 Bd7 10. Bg5 Rc8 11. Qd2 a6 12. Nxc6 Bxc6 13. Nd5 Bxd5 14. exd5
Rc5 15. c4 Qd7 16. Re3 Rfc8 17. Rae1 R5c7 18. Rh3 Ng4 19. f3 Ne5 20. Bh6 Qxh3
21. Bxg7 Kxg7 22. Rxe5 Qh6 23. Qxh6+ Kxh6 24. Re4 Kg7 25. Kf2 Rb8 26. a4 Re8
27. b4 b6 28. Ke3 e6 29. dxe6 Rxe6 30. Kd4 Kf6 31. Kd5 Ke7 32. Rh4 h5 33. c5
dxc5 34. Bxa6 cxb4 35. Rxb4 Rd6+ 36. Ke5 Rc2 37. a5 Rc5+ 0-1

[Event "European Youth Chess Championship G12"]
[Site "Prague, Top Hotel Prague"]
[Date "2016.08.19"]
[Round "2.42"]
[White "Vozarova, Adriana"]
[Black "Subjakova, Kristina"]
[Result "0-1"]
[WhiteElo "1500"]
[BlackElo "1271"]
[PlyCount "116"]
[EventDate "2016.08.18"]

1. e4 e5 2. Nf3 Nc6 3. d4 exd4 4. Bc4 Nf6 5. e5 d5 6. Bb5 Ne4 7. Nxd4 Bd7 8.
Bxc6 bxc6 9. O-O Bc5 10. Be3 O-O 11. f3 Ng5 12. f4 Ne4 13. Nd2 Rb8 14. Nxe4
dxe4 15. b3 Qe7 16. Qe2 Rfd8 17. c3 a5 18. Kh1 Bxd4 19. Bxd4 Bf5 20. Qe3 Rd5
21. c4 Rd7 22. Bc5 Qd8 23. Qe1 Ra8 24. Rd1 Rxd1 25. Qxd1 Qd3 26. Qxd3 exd3 27.
Rd1 Rd8 28. Rd2 Bg4 29. Kg1 Be2 30. Kf2 Ra8 31. Ke3 a4 32. b4 Re8 33. Kf2 g5
34. g3 gxf4 35. gxf4 Kg7 36. Rb2 Rd8 37. Rb1 Bg4 38. Rg1 h5 39. Be7 Rd7 40. h3
d2 41. hxg4 d1=Q 42. Bf6+ Kh7 43. Rxd1 Rxd1 44. gxh5 Rd2+ 45. Ke3 Rxa2 46. f5
Ra1 47. Kd2 Kg8 48. e6 Ra2+ 49. Ke3 fxe6 50. fxe6 Kf8 51. Kf4 Rf2+ 52. Kg5 Rxf6
53. Kxf6 a3 54. h6 a2 55. Kg6 a1=Q 56. e7+ Kxe7 57. Kh7 Kf7 58. b5 Qg1 0-1

[Event "European Youth Chess Championship G12"]
[Site "Prague, Top Hotel Prague"]
[Date "2016.08.19"]
[Round "2.43"]
[White "Popovic, Mateja"]
[Black "Basovskiy, Jana"]
[Result "1/2-1/2"]
[WhiteElo "1145"]
[BlackElo "1488"]
[PlyCount "92"]
[EventDate "2016.08.18"]

1. d4 d5 2. c4 e6 3. Nc3 Nf6 4. Bg5 Be7 5. e3 O-O 6. Nf3 b6 7. Bd3 Bb7 8. O-O
Nbd7 9. Rc1 c5 10. cxd5 exd5 11. b3 h6 12. Bh4 Ne4 13. Bxe7 Qxe7 14. Qc2 Rac8
15. Nd2 cxd4 16. Bxe4 dxe4 17. exd4 e3 18. Nc4 exf2+ 19. Qxf2 Nf6 20. Qe2 Qd7
21. Qd3 Rfd8 22. Ne2 Qd5 23. Ne3 Qd7 24. Rfd1 Be4 25. Qd2 Ng4 26. Nxg4 Qxg4 27.
Ng3 Bh7 28. Qe2 Qf4 29. Rxc8 Rxc8 30. Qd2 Qf6 31. d5 Rc2 32. Qe3 Qd8 33. Rc1
Rxa2 34. d6 Kf8 35. Re1 Rb2 36. Qe7+ Qxe7 37. Rxe7 Rd2 38. Rd7 Ke8 39. Re7+ Kf8
40. Rd7 Rd1+ 41. Kf2 Ke8 42. Re7+ Kf8 43. Rd7 Ke8 44. Re7+ Kf8 45. Rd7 Ke8 46.
Re7+ Kf8 1/2-1/2

[Event "European Youth Chess Championship G12"]
[Site "Prague, Top Hotel Prague"]
[Date "2016.08.19"]
[Round "2.44"]
[White "Hertlein, Irena"]
[Black "Deleu, Ellen"]
[Result "1-0"]
[WhiteElo "1488"]
[BlackElo "1181"]
[PlyCount "123"]
[EventDate "2016.08.18"]

1. d4 d5 2. Nf3 Nc6 3. c4 dxc4 4. e3 e6 5. Bxc4 Bd6 6. O-O Nge7 7. Re1 e5 8.
dxe5 Nxe5 9. Nxe5 Bxe5 10. Qh5 Ng6 11. f4 Qf6 12. fxe5 Nxe5 13. Rf1 Qe7 14. Qe2
Nxc4 15. Qxc4 Be6 16. Qf4 Qd6 17. Qxd6 cxd6 18. Nc3 a6 19. Bd2 O-O 20. Be1 Rad8
21. e4 d5 22. exd5 Bxd5 23. Nxd5 Rxd5 24. Bc3 h6 25. Rad1 Rfd8 26. Rxd5 Rxd5
27. Re1 Rd7 28. h3 Kh7 29. Re3 f6 30. a3 Kg8 31. Bb4 Kf7 32. Ba5 Re7 33. Rxe7+
Kxe7 34. Kf2 g6 35. Ke3 Ke6 36. Ke4 f5+ 37. Kd4 g5 38. Bd2 b6 39. h4 f4 40.
hxg5 hxg5 41. Ke4 Kf6 42. Bxf4 gxf4 43. Kxf4 Kg7 44. Kf5 Kf7 45. Ke5 Ke7 46.
Kd5 Kd7 47. g4 a5 48. a4 Kc7 49. Ke6 Kc6 50. g5 b5 51. axb5+ Kxb5 52. g6 a4 53.
g7 Kb4 54. g8=Q Kb3 55. Qb8+ Ka2 56. Qb4 Ka1 57. Qxa4+ Kxb2 58. Qc4 Ka1 59. Ke5
Kb2 60. Kd4 Ka1 61. Kc3 Kb1 62. Qb3+ 1-0

[Event "European Youth Chess Championship G12"]
[Site "Prague, Top Hotel Prague"]
[Date "2016.08.19"]
[Round "2.45"]
[White "Burdot, Clara"]
[Black "Sleurs, Juliette"]
[Result "0-1"]
[WhiteElo "1094"]
[BlackElo "1479"]
[PlyCount "106"]
[EventDate "2016.08.18"]

1. e4 e5 2. Nf3 Nc6 3. Nc3 Nf6 4. d4 exd4 5. Nxd4 Bb4 6. Nxc6 bxc6 7. Bd3 O-O
8. O-O d5 9. exd5 cxd5 10. Bg5 Re8 11. Qf3 c6 12. Rfe1 Be6 13. a3 Be7 14. h3 h6
15. Bf4 a5 16. Ne2 Qb6 17. Be5 Nd7 18. Bc3 Bf6 19. Bxf6 Nxf6 20. b3 Ne4 21. Ng3
Nxg3 22. Qxg3 c5 23. Rab1 Reb8 24. c3 Qc6 25. c4 Rb6 26. Qf3 Rab8 27. a4 d4 28.
Qxc6 Rxc6 29. Re5 f6 30. Re2 Rcb6 31. Reb2 Kf7 32. Kh2 Bd7 33. Bc2 Bxa4 34. Bd1
Bd7 35. Ra2 a4 36. Ra3 axb3 37. Rbxb3 Rxb3 38. Bxb3 Be6 39. Ra7+ Kf8 40. Ra6
Rxb3 41. Rxe6 Rc3 42. Rd6 Rxc4 43. f3 Rc3 44. Kg3 d3 45. Kf2 c4 46. Rd4 Rc2+
47. Kg3 d2 48. Kf4 c3 49. Ke3 Rc1 50. Rxd2 cxd2 51. Kxd2 Rg1 52. g4 Rg3 53. f4
Rxh3 0-1

[Event "European Youth Chess Championship G12"]
[Site "Prague, Top Hotel Prague"]
[Date "2016.08.19"]
[Round "2.46"]
[White "Ramaiya, Arushi"]
[Black "Orru`, Giulia"]
[Result "1-0"]
[WhiteElo "1468"]
[BlackElo "1134"]
[PlyCount "73"]
[EventDate "2016.08.18"]

1. e4 d6 2. Nc3 g6 3. d4 Bg7 4. Nf3 Nf6 5. Be2 Nbd7 6. O-O O-O 7. Be3 c6 8. h3
Qc7 9. Qd2 Re8 10. Bd3 e5 11. Rad1 b6 12. Bh6 Bh8 13. Rfe1 Bb7 14. b3 d5 15.
dxe5 Nxe5 16. Nxe5 Rxe5 17. Bf4 Nh5 18. Bxe5 Bxe5 19. exd5 cxd5 20. Nb5 Qb8 21.
Qg5 Bf4 22. Qg4 Bc8 23. Re8+ Kg7 24. Qf3 Qb7 25. Rde1 Bd7 26. Rxa8 Qxa8 27. g4
Qb8 28. gxh5 Bh2+ 29. Kh1 gxh5 30. Qg2+ Kf8 31. Qxh2 Qb7 32. Qd6+ Kg7 33. Rg1+
Bg4 34. hxg4 d4+ 35. Kh2 Qc8 36. gxh5+ Kh8 37. Qf6# 1-0

[Event "European Youth Chess Championship G12"]
[Site "Prague, Top Hotel Prague"]
[Date "2016.08.19"]
[Round "2.47"]
[White "Qasem, Huda"]
[Black "Belozerova, Olga"]
[Result "1-0"]
[WhiteElo "1459"]
[BlackElo "1070"]
[PlyCount "117"]
[EventDate "2016.08.18"]

1. e4 e6 2. d4 d5 3. Nd2 c5 4. exd5 exd5 5. Ngf3 Nc6 6. dxc5 Bxc5 7. Nb3 Bb6 8.
Bg5 Nge7 9. Qd2 O-O 10. O-O-O Qd6 11. h4 h6 12. Bf4 Qf6 13. Be3 Bxe3 14. Qxe3
Be6 15. Kb1 Rac8 16. Bd3 Nf5 17. Qf4 Rfd8 18. g4 Nd6 19. Qxf6 gxf6 20. Rdg1 Kh8
21. Nfd4 Bd7 22. g5 h5 23. gxf6 Rg8 24. Rg5 Rxg5 25. hxg5 Bg4 26. f3 Bd7 27.
Rxh5+ Kg8 28. Bh7+ Kf8 29. Bf5 Kg8 30. Bxd7 Nxd4 31. Bxc8 Nxb3 32. axb3 Nxc8
33. g6 fxg6 34. Rxd5 Kf7 35. Rd7+ Kxf6 36. Rxb7 Kf5 37. Rc7 Nd6 38. Rxa7 Kf4
39. Ra6 Nf5 40. Rxg6 Kxf3 41. c4 Ke4 42. c5 Kd5 43. c6 Ne7 44. c7 Kc5 45. Re6
Nc8 46. Re8 Nb6 47. c8=Q+ Nxc8 48. Rxc8+ Kb6 49. Kc2 Kb5 50. Kc3 Kb6 51. Kd4
Kb5 52. Kd5 Kb4 53. Rc7 Kxb3 54. Kd4 Kxb2 55. Kd3 Kb3 56. Rb7+ Ka2 57. Kc3 Ka1
58. Kc2 Ka2 59. Ra7# 1-0

[Event "European Youth Chess Championship G12"]
[Site "Prague, Top Hotel Prague"]
[Date "2016.08.20"]
[Round "3.1"]
[White "Rzali, Sabina"]
[Black "Caglar, Sila"]
[Result "0-1"]
[WhiteElo "1719"]
[BlackElo "1983"]
[PlyCount "120"]
[EventDate "2016.08.18"]

1. e4 c5 2. Nf3 Nc6 3. Nc3 e6 4. d4 cxd4 5. Nxd4 Nf6 6. Be3 Bb4 7. Bd3 d5 8.
Nxc6 bxc6 9. Bd2 d4 10. Ne2 Bxd2+ 11. Qxd2 e5 12. Ng3 O-O 13. O-O Re8 14. Bc4
Be6 15. Bxe6 fxe6 16. Rfe1 Rf8 17. h3 Nd7 18. Qd3 c5 19. Nf1 Rf7 20. Nd2 Qg5
21. Nc4 Raf8 22. Re2 Rf6 23. Qg3 Qh5 24. Rae1 Rg6 25. Qh2 Rf4 26. Kh1 Rff6 27.
Rd2 Rg5 28. b3 Rfg6 29. g4 Qh4 30. Rg1 Rf6 31. Rg3 Rf4 32. f3 Rg6 33. Kg2 Rgf6
34. Rd3 Rh6 35. Rd2 Qg5 36. Rd3 Rh4 37. Rd2 Nf8 38. Kg1 Ng6 39. Qh1 Rf6 40. Kf1
Nf4 41. Rh2 Rfh6 42. Kf2 Rf6 43. Qf1 Ng6 44. Ke2 h5 45. Qg1 hxg4 46. Rxg4 Qh6
47. Rxh4 Qxh4 48. Qg4 Qh6 49. Kd1 Kf7 50. Nd6+ Ke7 51. Nc8+ Kd7 52. Nxa7 Rf4
53. Qg3 Qh5 54. Rf2 Rxe4 55. Rg2 Ne7 56. Kd2 Re3 57. Qxg7 Qxf3 58. Nb5 Qf1 59.
Rg1 Qxb5 60. a4 Qe2+ 0-1